000 00353nam a2200133 i 4500
001 bg
100 1 _aREINSDORF, Siegfried.
245 0 _aLeichtbeton.
_nBd. 1,
_pLeichtbetons aus porigen Zuschlagstoffen /
_cSiegfred Reinsdorf.
260 _aBerlin,
_c1961.
040 _cBPK
041 _apol
942 _cKS
008 s pl f |000 0 pol
999 _c15372
_d15372
856 _uhttp://koha.tu.koszalin.pl/cgi-bin/koha/opac-detail.pl?biblionumber=15372
_yKatalog online BPK